Loading...

Management and Mitigation of Technological Disasters

Bibliographic Details
Main Author: Dushyant Kamat
Other Authors: Gurusamy gandhi
Format: Printed Book
Published: New Delhi Jnanada Prakashan 2010
Edition:1st
Subjects:
LEADER 00589nam a22001817a 4500
003 OSt
020 |a 9788171393909 
082 |a 658.477  |b DUS/MA 
100 |a Dushyant Kamat 
245 |a Management and Mitigation of Technological Disasters 
250 |a 1st 
260 |a New Delhi  |b Jnanada Prakashan  |c 2010 
300 |a 323p. 
650 |a Disaster mitigation using GIS technology 
700 |a Gurusamy gandhi 
942 |2 ddc  |c BK 
999 |c 189479  |d 189479 
952 |0 0  |1 0  |2 ddc  |4 0  |6 658_477000000000000_DUS_MA  |7 0  |9 195632  |a KAUCBV  |b KAUCBV  |d 2016-05-28  |g 950.00  |o 658.477 DUS/MA  |r 2016-05-28  |w 2016-05-28  |y BK